[Event "Mosquera op (Women)"]
[Site "Mosquera"]
[Date "2014.11.02"]
[Round "7"]
[White "Rosado Perez, Maria Jose"]
[Black "Perez, Laura"]
[Result "0-1"]
[WhiteElo "1677"]
[BlackElo "1986"]
[PlyCount "110"]
[EventDate "2014.10.30"]
[EventType "swiss"]
[EventRounds "9"]
[EventCountry "COL"]
[SourceTitle "EXT 2015"]
[Source "ChessBase"]
[SourceDate "2014.11.20"]
[SourceVersion "1"]
[SourceVersionDate "2014.11.20"]
[SourceQuality "1"]

1. e4 c5 2. Nf3 d6 3. d4 cxd4 4. Nxd4 Nf6 5. Nc3 a6 6. f3 e5 7. Nb3 Be6 8. Be3 Be7 9. Qd2 0-0 10. 0-0-0 a5 11. Na4 Nbd7 12. g4 b6 13. h4 Nc5 14. Nbxc5 bxc5 15. Nc3 Qb6 16. h5 a4 17. g5 Rfb8 18. Nb5 Ne8 19. c4 Nc7 20. Nxc7 Qxc7 21. g6 Rb7 22. Qh2 fxg6 23. hxg6 h6 24. Rd2 Qa5 25. Bxh6 a3 26. b3 Rxb3 27. axb3 a2 28. Rxa2 Qxa2 29. Qxa2 Rxa2 30. Bd2 Bf6 31. Bd3 Kf8 32. Rh8+ Bg8 33. Bb1 Ra7 34. Kb2 Ra8 35. Bd3 Ke7 36. Be2 Rb8 37. Bd3 Ra8 38. Bf1 Bd5 39. Rxa8 Bxa8 40. Bh3 Bc6 41. Ka3 Bh4 42. b4 cxb4+ 43. Bxb4 Bf2 44. Bc8 Bc5 45. Kb3 Be8 46. Bf5 Kf6 47. Bxc5 dxc5 48. Ka3 Kg5 49. Kb3 Kf4 50. Bg4 Ke3 51. Kc3 Bxg6 52. Kb3 Bf7 53. Kc3 g5 54. Kb3 Kd4 55. Bf5 Bxc4+ 0-1

[Event "Bogota McGregor op 4th"]
[Site "Bogota"]
[Date "2013.12.06"]
[Round "4"]
[White "Rivera, Ingris"]
[Black "Perez, Laura"]
[Result "1-0"]
[WhiteElo "2215"]
[BlackElo "1985"]
[PlyCount "93"]
[EventDate "2013.12.04"]
[EventType "swiss"]
[EventRounds "9"]
[EventCountry "COL"]
[SourceTitle "CBM 157 Extra"]
[Source "ChessBase"]
[SourceDate "2013.12.19"]
[SourceVersion "1"]
[SourceVersionDate "2013.12.19"]
[SourceQuality "1"]

1. d4 d5 2. c4 e6 3. Nc3 Nf6 4. cxd5 exd5 5. Bg5 Be7 6. Qc2 g6 7. e3 c6 8. Bd3 Nbd7 9. Nge2 b6 10. 0-0 Bb7 11. Nf4 Rc8 12. Rfd1 0-0 13. Rac1 Re8 14. Qa4 a5 15. a3 Ne4 16. Bxe7 Qxe7 17. b4 Nxf2 18. Re1 Nxd3 19. Nxd3 axb4 20. axb4 Ra8 21. Qb3 Ba6 22. b5 Bxb5 23. Nxb5 cxb5 24. Qxd5 Ra3 25. Qxb5 Ra5 26. Qc6 Ra3 27. Rc3 Rxc3 28. Qxc3 f5 29. Nf4 Qf7 30. Qc6 Re4 31. Nd5 Re6 32. Qc7 Kg7 33. Nf4 Re4 34. d5 Nf6 35. Ne6+ Kg8 36. Qd8+ Ne8 37. Rc1 Rxe6 38. dxe6 Qxe6 39. Qd4 Nf6 40. Rc7 Ne8 41. Rb7 Qc6 42. Rxb6 Qc1+ 43. Kf2 Qc2+ 44. Kf3 Qc1 45. h3 g5 46. Qd5+ Kg7 47. Qe5+ 1-0

[Event "COL-ch (Women)"]
[Site "Ibague"]
[Date "2013.07.02"]
[Round "2"]
[White "Perez, Laura"]
[Black "Franco Valencia, Angela Maria"]
[Result "0-1"]
[WhiteElo "1982"]
[BlackElo "2196"]
[PlyCount "94"]
[EventDate "2013.07.01"]
[EventType "swiss"]
[EventRounds "9"]
[EventCountry "COL"]
[SourceTitle "EXT 2014"]
[Source "ChessBase"]
[SourceDate "2013.11.20"]
[SourceVersion "1"]
[SourceVersionDate "2013.11.20"]
[SourceQuality "1"]

1. d4 f5 2. Bg5 Nf6 3. Bxf6 exf6 4. e3 d5 5. g3 Bd6 6. Nd2 Be6 7. Bg2 c6 8. Ne2 Na6 9. a3 Nc7 10. Rc1 Bf7 11. c4 dxc4 12. Nxc4 Bd5 13. Nxd6+ Qxd6 14. Nf4 Bxg2 15. Nxg2 0-0-0 16. Qc2 Qd5 17. 0-0 Ne6 18. b4 Kb8 19. a4 Ng5 20. b5 Rc8 21. Nf4 Qd7 22. Qb2 Nf3+ 23. Kh1 g5 24. Ng2 f4 25. bxc6 Rxc6 26. Qe2 Rxc1 27. Rxc1 g4 28. Nxf4 Qxa4 29. Qc4 Qxc4 30. Rxc4 Rc8 31. Rxc8+ Kxc8 32. Nd5 a5 33. Kg2 b5 34. Kf1 Kb7 35. Nxf6 a4 36. Ke2 a3 37. Nd5 a2 38. Nf6 a1Q 39. Nxg4 Ng5 40. f4 Ne4 41. Kf3 Qh1+ 42. Ke2 b4 43. Kd3 Qd1+ 44. Kxe4 Qxg4 45. d5 b3 46. Ke5 b2 47. e4 b1Q 0-1

[Event "Ortega op 3rd"]
[Site "Ortega"]
[Date "2013.06.09"]
[Round "6"]
[White "Perez, Laura"]
[Black "Espinosa, J."]
[Result "0-1"]
[WhiteElo "1975"]
[BlackElo "2282"]
[PlyCount "44"]
[EventDate "2013.06.07"]
[EventType "swiss"]
[EventRounds "8"]
[EventCountry "COL"]
[SourceTitle "CBM 154 Extra"]
[Source "ChessBase"]
[SourceDate "2013.06.25"]
[SourceVersion "2"]
[SourceVersionDate "2013.06.25"]
[SourceQuality "1"]

1. d4 d6 2. Nf3 Nd7 3. Bf4 g6 4. e3 Bg7 5. Be2 e5 6. Bg5 f6 7. Bh4 Nh6 8. dxe5 dxe5 9. e4 0-0 10. Nc3 Nf7 11. Bc4 c6 12. Qe2 Qe7 13. Bb3 Nc5 14. Nd2 a5 15. a4 Nxb3 16. Nxb3 b6 17. Qe3 Qb4 18. 0-0 Nd6 19. Nd2 Nf7 20. Na2 Qxa4 21. b3 Qd4 22. Nc4 Ra6 0-1

[Event "Pamplona Sub zt 2.3 (Women)"]
[Site "Pamplona"]
[Date "2012.11.07"]
[Round "5"]
[White "Hernandez Fonseca, Maria Paula"]
[Black "Perez, Laura"]
[Result "1/2-1/2"]
[WhiteElo "1952"]
[BlackElo "2042"]
[PlyCount "102"]
[EventDate "2012.11.05"]
[EventType "swiss"]
[EventRounds "9"]
[EventCountry "COL"]
[SourceTitle "EXT 2013"]
[Source "ChessBase"]
[SourceDate "2012.11.22"]
[SourceVersion "1"]
[SourceVersionDate "2012.11.22"]
[SourceQuality "1"]

1. e4 c5 2. Nf3 d6 3. d4 cxd4 4. Nxd4 Nf6 5. f3 e5 6. Nb3 Be7 7. c4 Nc6 8. Nc3 Be6 9. Be3 Rb8 10. Be2 a6 11. 0-0 0-0 12. Qd2 Qd7 13. Nd5 b5 14. c5 dxc5 15. Nxf6+ Bxf6 16. Qxd7 Bxd7 17. Nxc5 Bc8 18. Rac1 Nd4 19. Bxd4 exd4 20. Rfd1 Bg5 21. Rc2 a5 22. Kf1 Be3 23. Nb3 Be6 24. Nxd4 Bxa2 25. b3 Bxd4 26. Rxa2 Bc3 27. Rd5 a4 28. bxa4 bxa4 29. Rxa4 g6 30. Rc4 Bg7 31. Rc7 Rb2 32. Bc4 Ra8 33. Rd1 Bd4 34. Bxf7+ Kh8 35. Bd5 Ra5 36. Bc4 Rf2+ 37. Ke1 Rxg2 38. Rxd4 Ra1+ 39. Rd1 Rg1+ 40. Bf1 Rxd1+ 41. Kxd1 Rxf1+ 42. Ke2 Rh1 43. Ke3 Rxh2 44. Kf4 Rh5 45. e5 Rf5+ 46. Ke4 h5 47. e6 Kg8 48. Rc8+ Rf8 49. Rc7 Rf5 50. Rc8+ Rf8 51. Rc7 Rf5 1/2-1/2

[Event "Medellin IRT op"]
[Site "Medellin"]
[Date "2012.08.07"]
[Round "8"]
[White "Blandon, Luis Guillermo"]
[Black "Perez, Laura"]
[Result "1-0"]
[WhiteElo "1966"]
[BlackElo "2056"]
[PlyCount "55"]
[EventDate "2012.08.03"]
[EventType "swiss"]
[EventRounds "9"]
[EventCountry "COL"]
[SourceTitle "CBM 149 Extra"]
[Source "ChessBase"]
[SourceDate "2012.08.24"]
[SourceVersion "1"]
[SourceVersionDate "2012.08.24"]
[SourceQuality "1"]

1. e4 c5 2. Nf3 d6 3. d4 cxd4 4. Nxd4 Nf6 5. Nc3 a6 6. Bg5 e6 7. f4 Be7 8. Qf3 Qc7 9. g4 Nbd7 10. 0-0-0 h6 11. Bh4 g5 12. fxg5 Ne5 13. Qg3 Nfxg4 14. g6 fxg6 15. Be2 Bxh4 16. Qxh4 Qe7 17. Qg3 Qg5+ 18. Kb1 Qe3 19. Nf3 Qb6 20. Nd4 Nf6 21. Rhf1 Rf8 22. Qh4 Qd8 23. Qxh6 Bd7 24. Nf3 Nxf3 25. Rxf3 Qe7 26. Qxg6+ Kd8 27. Rdf1 Nh7 28. Rf7 1-0

[Event "Medellin IRT op"]
[Site "Medellin"]
[Date "2012.08.04"]
[Round "2"]
[White "Perez, Laura"]
[Black "Torres Hernandez, David Fernando"]
[Result "1-0"]
[WhiteElo "2056"]
[BlackElo "1850"]
[PlyCount "57"]
[EventDate "2012.08.03"]
[EventType "swiss"]
[EventRounds "9"]
[EventCountry "COL"]
[SourceTitle "CBM 149 Extra"]
[Source "ChessBase"]
[SourceDate "2012.08.24"]
[SourceVersion "1"]
[SourceVersionDate "2012.08.24"]
[SourceQuality "1"]

1. d4 Nf6 2. Nf3 d6 3. Bf4 Nbd7 4. e3 g6 5. Be2 Bg7 6. c4 0-0 7. Nc3 c5 8. h3 Nh5 9. Bg5 h6 10. Bh4 g5 11. Nh2 Nhf6 12. Bg3 Qb6 13. Qd2 Re8 14. h4 Nh7 15. 0-0-0 Ndf8 16. hxg5 Nxg5 17. Nf3 Nfe6 18. d5 Nxf3 19. gxf3 Ng5 20. f4 Nh7 21. Rdg1 Nf6 22. e4 Kf8 23. e5 Nd7 24. Qe3 e6 25. Bh4 dxe5 26. Qg3 Bf6 27. Bxf6 Nxf6 28. fxe5 Nd7 29. d6 1-0

[Event "COL-ch (Women)"]
[Site "El Bagre"]
[Date "2012.06.09"]
[Round "10"]
[White "Perez, Laura"]
[Black "Pachon Gutierrez, Adriana Paola"]
[Result "0-1"]
[WhiteElo "2050"]
[BlackElo "1994"]
[PlyCount "102"]
[EventDate "2012.06.02"]
[EventType "tourn"]
[EventRounds "11"]
[EventCountry "COL"]
[SourceTitle "EXT 2014"]
[Source "ChessBase"]
[SourceDate "2013.11.20"]
[SourceVersion "1"]
[SourceVersionDate "2013.11.20"]
[SourceQuality "1"]

1. d4 Nf6 2. Nf3 d5 3. Bf4 c5 4. e3 e6 5. c3 Nc6 6. Bd3 Bd6 7. Nbd2 Bxf4 8. exf4 Qb6 9. Qb3 Qc7 10. dxc5 Qxf4 11. 0-0-0 0-0 12. g3 Qc7 13. h4 e5 14. Ng5 h6 15. f3 e4 16. fxe4 Qxg3 17. exd5 Ne5 18. Bb1 hxg5 19. Rdg1 Qe3 20. Re1 Nd3+ 21. Bxd3 Qxd3 22. hxg5 Nh7 23. c4 Bf5 24. Qxd3 Bxd3 25. Rh3 Bf5 26. Rhe3 Rac8 27. b4 a5 28. a3 axb4 29. axb4 Nxg5 30. Re7 Ra8 31. Kb2 Rfb8 32. Nb3 Ra4 33. Re8+ Rxe8 34. Rxe8+ Kh7 35. Kc3 Ne4+ 36. Kd4 Rxb4 37. Na5 Ng5 38. Re7 b6 39. cxb6 Rxb6 40. c5 Ra6 41. Nb7 Ra4+ 42. Kc3 Ne4+ 43. Kb3 Rd4 44. d6 Be6+ 45. Ka3 g5 46. Nd8 Nxc5 47. Nxf7 Bxf7 48. Rxf7+ Kg6 49. Rc7 Ne4 50. d7 Nf6 51. Kb3 Rxd7 0-1

[Event "COL-ch (Women)"]
[Site "El Bagre"]
[Date "2012.06.07"]
[Round "8"]
[White "Perez, Laura"]
[Black "Castrillon Gomez, Melissa"]
[Result "0-1"]
[WhiteElo "2050"]
[BlackElo "2176"]
[PlyCount "70"]
[EventDate "2012.06.02"]
[EventType "tourn"]
[EventRounds "11"]
[EventCountry "COL"]
[SourceTitle "EXT 2014"]
[Source "ChessBase"]
[SourceDate "2013.11.20"]
[SourceVersion "1"]
[SourceVersionDate "2013.11.20"]
[SourceQuality "1"]

1. d4 Nf6 2. Nf3 g6 3. Bf4 Bg7 4. e3 0-0 5. Be2 d6 6. h3 c5 7. c3 b6 8. Nbd2 Bb7 9. 0-0 Nbd7 10. Bh2 Rc8 11. a4 cxd4 12. exd4 Bh6 13. Re1 Nd5 14. Qb3 Nf4 15. Bf1 e5 16. Rad1 Qf6 17. Ne4 Bxe4 18. Rxe4 Nxh3+ 19. gxh3 Qxf3 20. Bg2 Qf5 21. Re2 Bf4 22. Qd5 Nf6 23. Qxd6 Rfd8 24. Qb4 Nd5 25. Qb3 Qg5 26. Kh1 Bxh2 27. Bxd5 Qh5 28. Bxf7+ Kg7 29. Re3 Bf4 30. Be6 Bxe3 31. Bg4 Qh4 32. Bxc8 Qe4+ 33. Kh2 Qf4+ 34. Kh1 Qf3+ 35. Kh2 Qxf2+ 0-1

[Event "Puerto Boyaca op (Women)"]
[Site "Puerto Boyaca"]
[Date "2012.05.01"]
[Round "9"]
[White "Pachon Gutierrez, Adriana Paola"]
[Black "Perez, Laura"]
[Result "1/2-1/2"]
[WhiteElo "1994"]
[BlackElo "1929"]
[PlyCount "32"]
[EventDate "2012.04.26"]
[EventType "swiss"]
[EventRounds "9"]
[EventCountry "COL"]
[SourceTitle "CBM 148 Extra"]
[Source "ChessBase"]
[SourceDate "2012.06.22"]
[SourceVersion "1"]
[SourceVersionDate "2012.06.22"]
[SourceQuality "1"]

1. e4 c5 2. c3 d5 3. exd5 Qxd5 4. d4 cxd4 5. cxd4 Nc6 6. Nf3 Bg4 7. Be2 e6 8. Nc3 Bb4 9. 0-0 Bxc3 10. bxc3 Nf6 11. Bf4 0-0 12. h3 Bh5 13. Ne5 Bxe2 14. Qxe2 Rac8 15. Rac1 Qe4 16. Qxe4 Nxe4 1/2-1/2

[Event "Puerto Boyaca op (Women)"]
[Site "Puerto Boyaca"]
[Date "2012.04.30"]
[Round "8"]
[White "Perez, Laura"]
[Black "Franco Valencia, Angela Maria"]
[Result "1-0"]
[WhiteElo "1929"]
[BlackElo "2133"]
[PlyCount "81"]
[EventDate "2012.04.26"]
[EventType "swiss"]
[EventRounds "9"]
[EventCountry "COL"]
[SourceTitle "CBM 148 Extra"]
[Source "ChessBase"]
[SourceDate "2012.06.22"]
[SourceVersion "1"]
[SourceVersionDate "2012.06.22"]
[SourceQuality "1"]

1. d4 d6 2. Nf3 Nf6 3. Bf4 g6 4. e3 Bg7 5. h3 0-0 6. Be2 Nbd7 7. c4 Re8 8. Nc3 c5 9. 0-0 h6 10. Bh2 a6 11. Qc2 b6 12. Rfd1 Bb7 13. Rab1 Rc8 14. b4 cxd4 15. exd4 Bxf3 16. gxf3 Nb8 17. Qb3 Qd7 18. Kg2 Nh7 19. Rd3 Nc6 20. Rbd1 Qf5 21. Nd5 e5 22. dxe5 dxe5 23. Nxb6 Nd4 24. Rxd4 exd4 25. Nxc8 Qxc8 26. Qd3 Ng5 27. f4 Ne4 28. Bf3 Nc3 29. Rd2 Re1 30. c5 Rb1 31. Qc4 Rc1 32. Qb3 Qe8 33. c6 Qe1 34. Rc2 d3 35. c7 Qh1+ 36. Kg3 Rg1+ 37. Bxg1 Qxg1+ 38. Bg2 Ne4+ 39. Kf3 dxc2 40. c8Q+ Kh7 41. Qcxc2 1-0

[Event "Bogota Semana Santa op"]
[Site "Bogota"]
[Date "2012.04.08"]
[Round "9"]
[White "Pardo, Alejandro"]
[Black "Perez, Laura"]
[Result "1-0"]
[WhiteElo "2172"]
[BlackElo "1929"]
[PlyCount "93"]
[EventDate "2012.04.04"]
[EventType "swiss"]
[EventRounds "9"]
[EventCountry "COL"]
[SourceTitle "CBM 147 Extra"]
[Source "ChessBase"]
[SourceDate "2012.04.24"]
[SourceVersion "1"]
[SourceVersionDate "2012.04.24"]
[SourceQuality "1"]

1. e4 c5 2. Nf3 d6 3. d4 cxd4 4. Nxd4 Nf6 5. Nc3 a6 6. f3 e5 7. Nb3 Be6 8. Be3 Be7 9. Qd2 0-0 10. 0-0-0 a5 11. a4 Nc6 12. g4 Nb4 13. g5 Ne8 14. Nd5 Bxd5 15. exd5 Rc8 16. c3 Qd7 17. Kb1 Qxa4 18. cxb4 Qxb3 19. bxa5 Nc7 20. Qd3 Qa4 21. Bh3 Ra8 22. Bb6 Na6 23. Rhg1 Bd8 24. Qc2 Qxc2+ 25. Kxc2 Bxb6 26. axb6 Nc5 27. Rg4 Ra4 28. b4 Nd7 29. Rc4 Nxb6 30. Rc7 Ra7 31. Kb3 Rfa8 32. Rd2 g6 33. Bg4 Ra3+ 34. Kc2 Ra2+ 35. Kd1 Rxd2+ 36. Kxd2 Nxd5 37. Rxb7 Ra6 38. b5 Rb6 39. Rxb6 Nxb6 40. Kc3 Kf8 41. Kb4 Ke7 42. Ka5 Nc4+ 43. Ka6 Kd8 44. b6 Na3 45. b7 Kc7 46. Ka7 Nb5+ 47. Ka8 1-0

[Event "Bogota Semana Santa op"]
[Site "Bogota"]
[Date "2012.04.07"]
[Round "7"]
[White "Gonzalez, Amalia"]
[Black "Perez, Laura"]
[Result "0-1"]
[WhiteElo "1779"]
[BlackElo "1929"]
[PlyCount "70"]
[EventDate "2012.04.04"]
[EventType "swiss"]
[EventRounds "9"]
[EventCountry "COL"]
[SourceTitle "CBM 147 Extra"]
[Source "ChessBase"]
[SourceDate "2012.04.24"]
[SourceVersion "1"]
[SourceVersionDate "2012.04.24"]
[SourceQuality "1"]

1. e4 c5 2. Nf3 d6 3. Nc3 a6 4. Be2 Nd7 5. d3 Ngf6 6. 0-0 e6 7. a3 Qc7 8. Bf4 b5 9. Qd2 Bb7 10. Nd1 Be7 11. Ne3 h6 12. h3 g5 13. Bh2 Rg8 14. Ng4 Nxg4 15. hxg4 Nf6 16. Ne1 0-0-0 17. b3 Rh8 18. c4 h5 19. cxb5 axb5 20. Nf3 Nxg4 21. Nxg5 Bxg5 22. Qxg5 Nxh2 23. Kxh2 Rdg8 24. Qf4 Qe7 25. a4 b4 26. Rac1 e5 27. Qf5+ Kb8 28. g3 h4 29. Kg2 Bc8 30. Qf3 hxg3 31. Rh1 Rh2+ 32. Rxh2 gxh2+ 33. Kh1 f5 34. Qh5 Qg7 35. Bg4 fxg4 0-1

[Event "Bogota Semana Santa op"]
[Site "Bogota"]
[Date "2012.04.06"]
[Round "6"]
[White "Perez, Laura"]
[Black "Otero Martinez, Daniel"]
[Result "0-1"]
[WhiteElo "1929"]
[BlackElo "2111"]
[PlyCount "40"]
[EventDate "2012.04.04"]
[EventType "swiss"]
[EventRounds "9"]
[EventCountry "COL"]
[SourceTitle "CBM 147 Extra"]
[Source "ChessBase"]
[SourceDate "2012.04.24"]
[SourceVersion "1"]
[SourceVersionDate "2012.04.24"]
[SourceQuality "1"]

1. d4 c5 2. e3 Nf6 3. Nf3 e6 4. Bd3 Nc6 5. c3 d5 6. Nbd2 Bd6 7. Qe2 e5 8. dxe5 Nxe5 9. Nxe5 Bxe5 10. 0-0 0-0 11. f4 Bc7 12. e4 Bg4 13. Qe3 c4 14. Qg3 cxd3 15. e5 Be2 16. exf6 Qxf6 17. Re1 Bxf4 18. Ne4 Qb6+ 19. Qf2 Bxc1 20. Raxc1 dxe4 0-1

[Event "Bogota Semana Santa op"]
[Site "Bogota"]
[Date "2012.04.05"]
[Round "4"]
[White "Cespedes Galindo, Estefania"]
[Black "Perez, Laura"]
[Result "0-1"]
[WhiteElo "1830"]
[BlackElo "1929"]
[PlyCount "78"]
[EventDate "2012.04.04"]
[EventType "swiss"]
[EventRounds "9"]
[EventCountry "COL"]
[SourceTitle "CBM 147 Extra"]
[Source "ChessBase"]
[SourceDate "2012.04.24"]
[SourceVersion "1"]
[SourceVersionDate "2012.04.24"]
[SourceQuality "1"]

1. d4 d5 2. c4 e6 3. Nc3 Nf6 4. Bg5 Nbd7 5. cxd5 exd5 6. e3 c6 7. Bd3 Qb6 8. Qc2 Bd6 9. Nge2 0-0 10. 0-0 Re8 11. Bf4 Bxf4 12. Nxf4 Nf8 13. Rac1 Qd8 14. Na4 Ne4 15. Bxe4 dxe4 16. Nc5 Qe7 17. Qb3 g5 18. Nh5 Bg4 19. Ng3 Bc8 20. Ncxe4 Be6 21. Qc3 Bd5 22. Nc5 Ne6 23. Nf5 Qf6 24. Nd6 Rf8 25. Ncxb7 Qg6 26. b3 f5 27. Qc2 Rf6 28. f3 Raf8 29. Nc5 Nxd4 30. exd4 Rxd6 31. Nd3 Qf6 32. Qc5 Rf7 33. Rfd1 Kg7 34. Kf2 Rfd7 35. Nb4 Re7 36. Nxd5 cxd5 37. Rd2 g4 38. Kf1 Qh6 39. Rdc2 Qxh2 0-1

[Event "Bogota Region-ch Amateur"]
[Site "Bogota"]
[Date "2012.03.03"]
[Round "3.12"]
[White "Perez, Laura"]
[Black "Castellanos, Camilo Andres"]
[Result "1-0"]
[WhiteElo "1929"]
[BlackElo "1595"]
[PlyCount "35"]
[EventDate "2012.03.01"]
[EventType "swiss"]
[EventRounds "7"]
[EventCountry "COL"]
[SourceTitle "EXT 2024"]
[Source "ChessBase"]
[SourceDate "2023.10.10"]
[SourceVersion "1"]
[SourceVersionDate "2023.10.10"]
[SourceQuality "1"]

1. d4 Nf6 2. c4 b6 3. Nf3 e6 4. Nc3 Bb4 5. Qc2 Bb7 6. Bg5 h6 7. Bh4 g5 8. Bg3 Ne4 9. e3 Nxg3 10. hxg3 c5 11. 0-0-0 Qf6 12. Ne5 Nc6 13. Ng4 Qg7 14. Nb5 0-0-0 15. d5 Ne7 16. Nxa7+ Kb8 17. d6 Nf5 18. Nb5 1-0

[Event "Bucaramanga Santander op (Women)"]
[Site "Bucaramanga"]
[Date "2012.01.21"]
[Round "4"]
[White "Salcedo, Jackeline"]
[Black "Perez, Laura"]
[Result "0-1"]
[WhiteElo "1938"]
[BlackElo "1873"]
[PlyCount "22"]
[EventDate "2012.01.20"]
[EventType "swiss"]
[EventRounds "6"]
[EventCountry "COL"]
[SourceTitle "EXT 2013"]
[Source "ChessBase"]
[SourceDate "2012.11.22"]
[SourceVersion "1"]
[SourceVersionDate "2012.11.22"]
[SourceQuality "1"]

1. d4 d5 2. c4 e6 3. Nc3 Nf6 4. Bg5 Nbd7 5. e3 c6 6. Nf3 Bb4 7. Be2 Qa5 8. Qc2 Ne4 9. 0-0 Nxg5 10. Nxg5 dxc4 11. Nf3 b5 0-1